| 000 | 00477nam a2200169Ia 4500 | ||
|---|---|---|---|
| 999 |
_c35761 _d35761 |
||
| 003 | OSt | ||
| 005 | 20201215110905.0 | ||
| 008 | 190216s9999||||xx |||||||||||||| ||und|| | ||
| 040 | _coclc | ||
| 082 |
_a940.2 _bDUR/T |
||
| 100 |
_aDurant, Ariel _93659 |
||
| 245 | 4 |
_aThe Age Of Reason Begins / _cAriel Durant |
|
| 260 |
_bSimon And Schuster, _c1961. _aNew York: |
||
| 300 | _a683p | ||
| 650 | _aHistory | ||
| 942 |
_cREF _2ddc _h940.2 _iDUR/T _k940.2 _mDUR/T |
||